|
|
|
|
| LEADER |
01467nam a2200289 a 4500 |
| 001 |
27307 |
| 003 |
BD-DhAAL |
| 005 |
20130805143150.0 |
| 008 |
130805s2012 mau b 001 0 eng |
| 010 |
|
|
|a 2011042363
|
| 020 |
|
|
|a 9780674052260 (alk. paper)
|
| 020 |
|
|
|a 0674052269 (alk. paper)
|
| 040 |
|
|
|a DLC
|b eng
|c DLC
|d YDX
|d BTCTA
|d UKMGB
|d OCLCO
|d BDX
|d YDXCP
|d BWX
|d CDX
|d DLC
|d BD-DhAAL
|
| 050 |
0 |
0 |
|a HB171
|b .S376 2012
|
| 082 |
0 |
0 |
|a 330
|2 23
|
| 100 |
1 |
|
|a Schlefer, Jonathan,
|d 1949-
|9 2596
|
| 245 |
1 |
4 |
|a The assumptions economists make /
|c Jonathan Schlefer.
|
| 260 |
|
|
|a Cambridge, Mass. :
|b Belknap Press of Harvard University Press,
|c 2012.
|
| 300 |
|
|
|a xv, 356 p. ;
|c 22 cm.
|
| 504 |
|
|
|a Includes bibliographical references (p. [317]-330) and index.
|
| 505 |
0 |
|
|a The metaphor of the invisible hand -- What do economists do? -- In search of a model -- Economics when society matters -- Chasing a chimera -- Utopia -- This imperfect world -- Entering the realm of production -- What caused income inequality? -- Understanding an uncertain world -- In the long run -- In the short run -- The golden age of capitalism -- Economies in crisis -- Thinking about economies.
|
| 541 |
|
|
|e 27307
|
| 650 |
|
0 |
|a Economics.
|9 2597
|
| 650 |
|
0 |
|a Economists.
|9 2598
|
| 942 |
|
|
|2 ddc
|c BK
|
| 999 |
|
|
|c 13831
|d 13831
|
| 952 |
|
|
|0 0
|1 0
|2 ddc
|4 0
|6 330_000000000000000_SCH
|7 0
|9 23142
|a IGS
|b IGS
|c GEN
|d 2013-08-05
|e Karim International
|g 2250.00
|l 0
|o 330 SCH
|p 3010027307
|r 2013-08-05
|t 1
|w 2013-08-05
|y BK
|